<?xml version="1.0" encoding="UTF-8"?>
<record
    xmlns:xsi="http://www.w3.org/2001/XMLSchema-instance"
    xsi:schemaLocation="http://www.loc.gov/MARC21/slim http://www.loc.gov/standards/marcxml/schema/MARC21slim.xsd"
    xmlns="http://www.loc.gov/MARC21/slim">

  <leader>00803cam a2200253 a 4500</leader>
  <controlfield tag="001">TB12236</controlfield>
  <controlfield tag="003">IN-BhIIT</controlfield>
  <controlfield tag="005">20250321170053.0</controlfield>
  <controlfield tag="008">120503s2013    enk      b    001 0 eng  </controlfield>
  <datafield tag="020" ind1=" " ind2=" ">
    <subfield code="a">9780415782951 (pbk.)</subfield>
  </datafield>
  <datafield tag="040" ind1=" " ind2=" ">
    <subfield code="a">IN-BhIIT</subfield>
  </datafield>
  <datafield tag="041" ind1=" " ind2=" ">
    <subfield code="a">eng</subfield>
  </datafield>
  <datafield tag="082" ind1="0" ind2="0">
    <subfield code="a">210</subfield>
    <subfield code="b">MEI/R</subfield>
  </datafield>
  <datafield tag="245" ind1="0" ind2="4">
    <subfield code="a">The routledge companion to philosophy of religion /</subfield>
    <subfield code="c">edited by Chad Meister and Paul Copan.</subfield>
  </datafield>
  <datafield tag="250" ind1=" " ind2=" ">
    <subfield code="a">2nd ed.</subfield>
  </datafield>
  <datafield tag="260" ind1=" " ind2=" ">
    <subfield code="a">Abingdon, Oxon ;</subfield>
    <subfield code="a">New York :</subfield>
    <subfield code="b">Routledge,</subfield>
    <subfield code="c">2013.</subfield>
  </datafield>
  <datafield tag="300" ind1=" " ind2=" ">
    <subfield code="a">xxi, 826 p. ;</subfield>
    <subfield code="b">ill. ;</subfield>
    <subfield code="c">26 cm.</subfield>
  </datafield>
  <datafield tag="490" ind1="0" ind2=" ">
    <subfield code="a">Routledge philosophy companions</subfield>
  </datafield>
  <datafield tag="504" ind1=" " ind2=" ">
    <subfield code="a">Includes bibliographical references and index.</subfield>
  </datafield>
  <datafield tag="650" ind1=" " ind2="0">
    <subfield code="a">Religion</subfield>
    <subfield code="x">Philosophy.</subfield>
    <subfield code="9">25801</subfield>
  </datafield>
  <datafield tag="700" ind1="1" ind2=" ">
    <subfield code="a">Meister, Chad V.,</subfield>
    <subfield code="e">Editor</subfield>
    <subfield code="9">25802</subfield>
  </datafield>
  <datafield tag="700" ind1="1" ind2=" ">
    <subfield code="a">Copan, Paul.</subfield>
    <subfield code="e">Joint editor</subfield>
    <subfield code="9">25803</subfield>
  </datafield>
  <datafield tag="942" ind1=" " ind2=" ">
    <subfield code="c">TB</subfield>
  </datafield>
  <datafield tag="999" ind1=" " ind2=" ">
    <subfield code="c">14627</subfield>
    <subfield code="d">14627</subfield>
  </datafield>
  <datafield tag="952" ind1=" " ind2=" ">
    <subfield code="0">0</subfield>
    <subfield code="1">0</subfield>
    <subfield code="2">ddc</subfield>
    <subfield code="4">0</subfield>
    <subfield code="7">0</subfield>
    <subfield code="8">SHSSM</subfield>
    <subfield code="a">CLIITBBS</subfield>
    <subfield code="b">CLIITBBS</subfield>
    <subfield code="d">2025-02-07</subfield>
    <subfield code="e">53</subfield>
    <subfield code="g">4551.29</subfield>
    <subfield code="l">0</subfield>
    <subfield code="o">210 MEI/R</subfield>
    <subfield code="p">TB12236</subfield>
    <subfield code="r">2025-02-07 00:00:00</subfield>
    <subfield code="v">6234.65</subfield>
    <subfield code="w">2025-02-07</subfield>
    <subfield code="y">TB</subfield>
  </datafield>
</record>
